[Event "WTCC-50 2018"]
[Site "Radebeul"]
[Date "2018.07.07"]
[Round "1"]
[White "Wolf, Volker"]
[Black "Beltz, Martina"]
[Result "1-0"]
[WhiteElo "2323"]
[BlackElo "1944"]
[Annotator "NA"]
[PlyCount "43"]
[EventDate "2018.07.07"]
[EventType "team-tourn"]
[EventCountry "GER"]
[SourceTitle "playchess.com"]
[Source "ChessBase"]
[SourceQuality "1"]
[TimeControl "40/5400+30:1800+30"]

1. e4 {[%emt 0:00:00]} c5 {[%emt 0:00:00]} 2. Nc3 {[%emt 0:00:14]} d6 {[%emt 0:01:44]} 3. d4 {[%emt 0:00:17]} cxd4 {[%emt 0:00:08]} 4. Qxd4 {[%emt 0:00:02]} Nf6 {[%emt 0:03:38]} 5. b3 {[%emt 0:00:11]} Nc6 {[%emt 0:03:23]} 6. Qd2 {[%emt 0:00:15]} e6 {[%emt 0:03:05]} 7. Bb2 {[%emt 0:00:26]} Be7 {[%emt 0:00:08]} 8. O-O-O {[%emt 0:00:37]} O-O {[%emt 0:06:25]} 9. Kb1 {[%emt 0:01:22]} Qa5 {[%emt 0:04:40]} 10. f3 {[%emt 0:01:26]} a6 {[%emt 0:08:19]} 11. Nge2 {[%emt 0:08:32]} b5 {[%emt 0:04:41]} 12. Nf4 {[%emt 0:06:30]} Bb7 {[%emt 0:01:15]} 13. g4 {[%emt 0:04:16]} Rac8 {[%emt 0:09:41]} 14. g5 {[%emt 0:02:47]} Nd7 {[%emt 0:00:16]} 15. h4 {[%emt 0:00:33]} Nde5 {[%emt 0:01:12]} 16. Be2 {[%emt 0:01:20]} Rfd8 {[%emt 0:05:05]} 17. Rhg1 {[%emt 0:05:39]} b4 {[%emt 0:06:33]} 18. Na4 {[%emt 0:00:16]} Na7 {[%emt 0:00:34]} 19. Bd4 {[%emt 0:01:39]} Nec6 {[%emt 0:06:54]} 20. Bb6 {[%emt 0:02:49]} Qe5 {[%emt 0:00:08]} 21. Nd3 {[%emt 0:00:33]} Qb5 {[%emt 0:06:04]} 22. Nf2 {[%emt 0:22:28]} 1-0

[Event "WTCC-50 2018"]
[Site "Radebeul"]
[Date "2018.07.07"]
[Round "1"]
[White "Wallner, Joachim"]
[Black "Frick, Renato"]
[Result "1-0"]
[WhiteElo "2311"]
[BlackElo "2051"]
[Annotator "NA"]
[PlyCount "77"]
[EventDate "2018.07.07"]
[EventType "team-tourn"]
[EventCountry "GER"]
[SourceTitle "playchess.com"]
[Source "ChessBase"]
[SourceQuality "1"]
[TimeControl "40/5400+30:1800+30"]

1. b3 {[%emt 0:00:00]} e5 {[%emt 0:00:00]} 2. Bb2 {[%emt 0:00:00]} Nc6 {[%emt 0:00:00]} 3. e3 {[%emt 0:00:00]} f5 {[%emt 0:01:53]} 4. Bb5 {[%emt 0:03:28]} d6 {[%emt 0:02:32]} 5. f4 {[%emt 0:03:25]} Bd7 {[%emt 0:05:08]} 6. fxe5 {[%emt 0:02:48]} Nxe5 {[%emt 0:00:10]} 7. Bxd7+ {[%emt 0:00:29]} Qxd7 {[%emt 0:02:51]} 8. Nf3 {[%emt 0:00:21]} Nxf3+ {[%emt 0:02:38]} 9. Qxf3 {[%emt 0:00:11]} O-O-O {[%emt 0:00:17]} 10. O-O {[%emt 0:04:51]} Nh6 {[%emt 0:00:11]} 11. a4 {[%emt 0:02:05]} Rg8 {[%emt 0:07:45]} 12. Nc3 {[%emt 0:01:12]} d5 {[%emt 0:09:32]} 13. Nb5 {[%emt 0:04:48]} Kb8 {[%emt 0:04:59]} 14. Be5 {[%emt 0:02:12]} Rc8 {[%emt 0:00:11]} 15. c4 {[%emt 0:01:16]} a6 {[%emt 0:04:29]} 16. Ra2 {[%emt 0:10:13]} Nf7 {[%emt 0:04:42]} 17. Bxc7+ {[%emt 0:11:17]} Rxc7 {[%emt 0:00:32]} 18. Nxc7 {[%emt 0:00:03]} Kxc7 {[%emt 0:08:19]} 19. Qxf5 {[%emt 0:02:08]} Nh6 {[%emt 0:04:24]} 20. Qxh7 {[%emt 0:05:37]} Qe6 {[%emt 0:00:08]} 21. Rc2 {[%emt 0:04:42]} Kb8 {[%emt 0:10:38]} 22. c5 {[%emt 0:02:36]} Be7 {[%emt 0:02:32]} 23. Qd3 {[%emt 0:03:56]} Rc8 {[%emt 0:01:40]} 24. b4 {[%emt 0:03:47]} g6 {[%emt 0:08:05]} 25. b5 {[%emt 0:02:18]} Rxc5 {[%emt 0:06:19]} 26. Rxc5 {[%emt 0:01:36]} Bxc5 {[%emt 0:00:10]} 27. bxa6 {[%emt 0:01:06]} b6 {[%emt 0:02:47]} 28. a5 {[%emt 0:06:56]} Ng4 {[%emt 0:05:57]} 29. axb6 {[%emt 0:02:59]} Bxb6 {[%emt 0:00:40]} 30. h3 {[%emt 0:03:59]} Ne5 {[%emt 0:00:30]} 31. Qb5 {[%emt 0:02:38]} Ka7 {[%emt 0:01:54]} 32. Rf8 {[%emt 0:02:07]} Nc4 {[%emt 0:01:03]} 33. Re8 {[%emt 0:01:56]} Qd6 {[%emt 0:00:15]} 34. Rg8 {[%emt 0:02:03]} Qe7 {[%emt 0:02:54]} 35. Qxd5 {[%emt 0:00:59]} Bxe3+ {[%emt 0:00:05]} 36. dxe3 {[%emt 0:02:33]} Qxe3+ {[%emt 0:00:09]} 37. Kh2 {[%emt 0:00:22]} Qf4+ {[%emt 0:00:19]} 38. g3 {[%emt 0:00:05]} Qf2+ {[%emt 0:00:37]} 39. Qg2 {[%emt 0:00:05]} 1-0

[Event "WTCC-50 2018"]
[Site "Radebeul"]
[Date "2018.07.07"]
[Round "1"]
[White "Fritsche, Lutz"]
[Black "Gempe, Anet"]
[Result "1-0"]
[WhiteElo "2303"]
[BlackElo "1992"]
[Annotator "NA"]
[PlyCount "101"]
[EventDate "2018.07.07"]
[EventType "team-tourn"]
[EventCountry "GER"]
[SourceTitle "playchess.com"]
[Source "ChessBase"]
[SourceQuality "1"]
[TimeControl "40/5400+30:1800+30"]

1. e4 {[%emt 0:00:00]} e6 {[%emt 0:00:00]} 2. d4 {[%emt 0:00:08]} d5 {[%emt 0:00:00]} 3. Nc3 {[%emt 0:00:23]} Nf6 {[%emt 0:00:00]} 4. Bg5 {[%emt 0:00:44]} Be7 {[%emt 0:00:13]} 5. e5 {[%emt 0:00:11]} Nfd7 {[%emt 0:00:10]} 6. h4 {[%emt 0:00:23]} c5 {[%emt 0:00:41]} 7. Bxe7 {[%emt 0:00:29]} Kxe7 {[%emt 0:00:03]} 8. Nf3 {[%emt 0:00:31]} Nc6 {[%emt 0:00:19]} 9. dxc5 {[%emt 0:03:54]} Nxc5 {[%emt 0:04:20]} 10. Qd2 {[%emt 0:02:14]} a6 {[%emt 0:03:16]} 11. O-O-O {[%emt 0:01:18]} b5 {[%emt 0:06:13]} 12. Qe3 {[%emt 0:08:03]} Nd7 {[%emt 0:03:39]} 13. Ne2 {[%emt 0:11:49]} Qa5 {[%emt 0:14:19]} 14. Kb1 {[%emt 0:00:53]} Bb7 {[%emt 0:00:22]} 15. Qg5+ {[%emt 0:06:26]} Kf8 {[%emt 0:02:05]} 16. Ned4 {[%emt 0:00:09]} Nxd4 {[%emt 0:01:34]} 17. Nxd4 {[%emt 0:00:08]} h6 {[%emt 0:02:09]} 18. Qf4 {[%emt 0:01:27]} Ke7 {[%emt 0:00:19]} 19. Rh3 {[%emt 0:05:11]} b4 {[%emt 0:05:56]} 20. Rf3 {[%emt 0:06:52]} Rhf8 {[%emt 0:09:50]} 21. h5 {[%emt 0:07:26]} Nc5 {[%emt 0:04:39]} 22. Bd3 {[%emt 0:06:45]} f5 {[%emt 0:25:35]} 23. Bxf5 {[%emt 0:11:20]} exf5 {[%emt 0:05:24]} 24. Nxf5+ {[%emt 0:00:09]} Kd8 {[%emt 0:00:18]} 25. Qh4+ {[%emt 0:11:16]} Kc7 {[%emt 0:02:19]} 26. e6 {[%emt 0:07:22]} Rg8 {[%emt 0:04:09]} 27. Qe7+ {[%emt 0:01:32]} Kb6 {[%emt 0:00:14]} 28. Nd6 {[%emt 0:00:26]} Qa4 {[%emt 0:02:38]} 29. a3 {[%emt 0:03:30]} a5 {[%emt 0:00:22]} 30. Nxb7 {[%emt 0:02:39]} Nxb7 {[%emt 0:00:04]} 31. Rxd5 {[%emt 0:00:27]} Rae8 {[%emt 0:01:09]} 32. Qh4 {[%emt 0:00:42]} Rxe6 {[%emt 0:00:57]} 33. Qd4+ {[%emt 0:00:09]} Kc7 {[%emt 0:00:52]} 34. Rf7+ {[%emt 0:00:33]} Kc8 {[%emt 0:00:54]} 35. Qg4 {[%emt 0:00:49]} Qc6 {[%emt 0:00:29]} 36. Rdd7 {[%emt 0:00:52]} Qxd7 {[%emt 0:00:16]} 37. Rxd7 {[%emt 0:00:08]} Kxd7 {[%emt 0:00:03]} 38. axb4 {[%emt 0:00:12]} axb4 {[%emt 0:00:09]} 39. Qxb4 {[%emt 0:00:40]} Nd6 {[%emt 0:00:25]} 40. Qa4+ {[%emt 0:00:28]} Ke7 {[%emt 0:02:06]} 41. Qa7+ {[%emt 0:30:39]} Kf6 {[%emt 0:03:53]} 42. Qd4+ {[%emt 0:00:00]} Kf7 {[%emt 0:01:52]} 43. Qd5 {[%emt 0:00:00]} g6 {[%emt 0:02:43]} 44. f4 {[%emt 0:00:00]} Ke7 {[%emt 0:00:43]} 45. hxg6 {[%emt 0:00:00]} Rexg6 {[%emt 0:06:00]} 46. f5 {[%emt 0:00:00]} Rxg2 {[%emt 0:01:42]} 47. Qe6+ {[%emt 0:00:00]} Kf8 {[%emt 0:00:29]} 48. f6 {[%emt 0:00:00]} Nc8 {[%emt 0:00:50]} 49. f7 {[%emt 0:00:00]} Rh8 {[%emt 0:01:17]} 50. Qe8+ {[%emt 0:00:00]} Kg7 {[%emt 0:00:10]} 51. Qxh8+ {[%emt 0:00:00]} 1-0

[Event "WTCC-50 2018"]
[Site "Radebeul"]
[Date "2018.07.07"]
[Round "1"]
[White "Druckenthaner, Andreas"]
[Black "Iclicki, Willy"]
[Result "1-0"]
[WhiteElo "2296"]
[BlackElo "1996"]
[Annotator "TA"]
[PlyCount "123"]
[EventDate "2018.07.07"]
[EventType "team-tourn"]
[EventCountry "GER"]
[SourceTitle "playchess.com"]
[Source "ChessBase"]
[SourceQuality "1"]

{[%evp 9,123,-6,41,8,8,6,14,8,4,5,33,22,28,0,0,4,21,22,28,25,22,14,44,31,10,23,45,20,83,81,89,0,0,-21,0,0,0,-38,28,-47,-10,-49,80,-49,-75,-49,-24,-39,-8,-18,41,33,72,54,76,51,64,11,55,18,47,27,28,27,25,25,24,18,41,23,16,4,9,6,9,8,60,16,19,3,10,6,8,8,12,0,8,9,16,1,1,0,0,0,0,0,0,0,0,0,8,8,10,5,80,50,200,204,206,207,214,207,183,182,785,785]} 1. e4 c6 2. d3 d5 3. Qe2 dxe4 (3... g6 4. g3 Bg7 5. Bg2 Nf6 6. Nf3 O-O 7. O-O Bg4 8. Nbd2 e6 9. h3 Bxf3 10. Nxf3 c5 11. Bg5 {½-½ (98) Li,C (2720)-Perez Ponsa,F (2583) chess.com INT 2017}) 4. dxe4 e5 5. Nf3 Bg4 6. Nbd2 {B10: Caro-Kann: 2 d3 and 2 c4} Nd7 7. g3 Ngf6 8. Bg2 {The position is equal.} Bc5 $146 ({Predecessor:} 8... h6 9. O-O Qc7 10. a4 Bc5 11. c3 {0-1 (33) Tournier,L (2045)-Ramon Pita,V (2253) Sao Paulo 2010}) 9. h3 Bxf3 10. Bxf3 O-O 11. Nb3 Bb4+ 12. c3 Be7 13. Be3 a5 14. a4 $36 {[%mdl 2048] White has the initiative.} Qc7 15. O-O b5 16. Qc2 Rfb8 17. Be2 h6 18. Rfd1 Qb7 (18... Bd8 $11 {remains equal.}) 19. axb5 $16 a4 20. Nd2 (20. bxc6 $16 Qxc6 21. Nd2) 20... cxb5 $11 21. Nf3 a3 22. bxa3 Rxa3 23. Rab1 Qc7 (23... Qc6 $15 24. Qd2 Bf8) 24. Rdc1 (24. Rxb5 $11 Rba8 25. Nh4) 24... Nc5 25. Nd2 Qc6 (25... Na4 $1 $15 {stays ahead.} 26. Rb3 (26. Rxb5 Rxb5 27. Bxb5 Rxc3 $17) 26... Rxb3 27. Qxb3 (27. Nxb3 Ba3 $17) 27... Bc5 28. Bxc5 Nxc5) 26. f3 ({White should play} 26. Nc4 $1 $16 {[%cal Rc4a3]} Ra6 27. Nxe5) 26... Na4 $15 {[%cal Ra3c3]} 27. Rb3 Rxb3 28. Nxb3 Nc5 29. Kg2 Na4 (29... Nh5 $11) 30. c4 $14 bxc4 31. Bxc4 Qe8 32. Rb1 Rc8 33. Nd2 (33. Bf2 $14) 33... Nc5 34. Bb5 Qf8 35. Rc1 Rb8 36. Bc4 Ncd7 37. Bb3 Ba3 38. Rb1 Rc8 39. Bc4 Bc5 40. Qd3 Bxe3 41. Qxe3 Qc5 (41... Nc5 {is interesting.} 42. Rb2 Qe7 43. Qc3 Ne8 44. Qa3 Nd6) 42. Qxc5 Rxc5 (42... Nxc5 $11 43. Ra1 Rc7) 43. Kf2 Rc7 44. Rb4 Kf8 45. Nf1 Ne8 46. Ne3 Nd6 47. Be2 Rb7 48. Ra4 f6 49. Nd5 Nb6 50. Ra6 Nxd5 51. Rxd6 $11 {[%mdl 4096] Endgame KRB-KRN} Nc3 {[#] Hoping for ...Rb2.} 52. Bc4 Ke7 53. Re6+ Kd7 54. Ra6 Kc7 55. Ke3 Rb6 56. Ra5 {Threatens to win with Kd2.} Nd1+ (56... Rb4 $11 57. Bg8 Nb5) 57. Kd2 Nb2 (57... Nf2 $14) 58. Bd5 $18 Rb4 59. Kc3 Rb8 60. Kc2 {Black must now prevent Ra2.} Rb4 61. Ra7+ Kb6 $2 {[#]} (61... Kd6 62. Rxg7 Kc5) 62. Rb7+ {Precision: White = 39%, Black = 44%.} 1-0

[Event "WTCC-50 2018"]
[Site "Radebeul"]
[Date "2018.07.07"]
[Round "1"]
[White "Plotkin, Victor"]
[Black "Nuernberger, Thomas"]
[Result "1-0"]
[WhiteElo "2248"]
[BlackElo "2020"]
[Annotator "NA"]
[PlyCount "123"]
[EventDate "2018.07.07"]
[EventType "team-tourn"]
[EventCountry "GER"]
[SourceTitle "playchess.com"]
[Source "ChessBase"]
[SourceQuality "1"]
[TimeControl "40/5400+30:1800+30"]

1. e4 {[%emt 0:00:00]} c5 {[%emt 0:00:00]} 2. c3 {[%emt 0:00:00]} e5 {[%emt 0:00:09]} 3. Nf3 {[%emt 0:02:17]} Nc6 {[%emt 0:00:26]} 4. Bc4 {[%emt 0:03:01]} Be7 {[%emt 0:00:42]} 5. d4 {[%emt 0:00:24]} cxd4 {[%emt 0:00:43]} 6. cxd4 {[%emt 0:00:20]} exd4 {[%emt 0:01:46]} 7. Nxd4 {[%emt 0:00:51]} Nf6 {[%emt 0:00:41]} 8. Nc3 {[%emt 0:00:58]} O-O {[%emt 0:01:40]} 9. O-O {[%emt 0:00:27]} a6 {[%emt 0:00:39]} 10. Nf5 {[%emt 0:01:25]} b5 {[%emt 0:04:27]} 11. Bb3 {[%emt 0:02:18]} d6 {[%emt 0:03:15]} 12. Nxe7+ {[%emt 0:00:51]} Qxe7 {[%emt 0:00:15]} 13. Re1 {[%emt 0:03:00]} Na5 {[%emt 0:04:24]} 14. Bc2 {[%emt 0:01:26]} Bb7 {[%emt 0:01:45]} 15. Bf4 {[%emt 0:03:09]} Rad8 {[%emt 0:00:58]} 16. Qd4 {[%emt 0:02:40]} Nc4 {[%emt 0:06:33]} 17. a4 {[%emt 0:04:55]} Nh5 {[%emt 0:04:16]} 18. Bg3 {[%emt 0:10:25]} Nxg3 {[%emt 0:10:52]} 19. hxg3 {[%emt 0:00:20]} Qe5 {[%emt 0:01:58]} 20. Qxe5 {[%emt 0:01:22]} dxe5 {[%emt 0:00:07]} 21. axb5 {[%emt 0:03:12]} axb5 {[%emt 0:06:37]} 22. Ra7 {[%emt 0:13:22]} Rd2 {[%emt 0:05:40]} 23. Re2 {[%emt 0:11:01]} Rxe2 {[%emt 0:04:43]} 24. Nxe2 {[%emt 0:00:03]} Nd6 {[%emt 0:00:17]} 25. Nc3 {[%emt 0:03:07]} b4 {[%emt 0:02:23]} 26. Na2 {[%emt 0:04:38]} b3 {[%emt 0:02:42]} 27. Bxb3 {[%emt 0:00:10]} Bxe4 {[%emt 0:00:05]} 28. Nc3 {[%emt 0:00:31]} Bg6 {[%emt 0:00:22]} 29. Bd5 {[%emt 0:04:13]} Rb8 {[%emt 0:05:35]} 30. b4 {[%emt 0:07:52]} Kf8 {[%emt 0:04:25]} 31. Bc6 {[%emt 0:02:08]} Rc8 {[%emt 0:07:01]} 32. Ra6 {[%emt 0:07:35]} Bd3 {[%emt 0:04:30]} 33. b5 {[%emt 0:00:41]} f5 {[%emt 0:04:24]} 34. f3 {[%emt 0:01:10]} e4 {[%emt 0:01:47]} 35. Kf2 {[%emt 0:00:36]} Rb8 {[%emt 0:02:21]} 36. Bxe4 {[%emt 0:05:16]} Nxe4+ {[%emt 0:01:49]} 37. fxe4 {[%emt 0:00:06]} Bxb5 {[%emt 0:00:54]} 38. Ra5 {[%emt 0:00:33]} Bd7 {[%emt 0:01:57]} 39. exf5 {[%emt 0:00:34]} Rb2+ {[%emt 0:00:20]} 40. Kg1 {[%emt 0:02:03]} Bc6 {[%emt 0:00:57]} 41. Nd5 {[%emt 0:30:22]} Rd2 {[%emt 0:31:02]} 42. Nf4 {[%emt 0:00:22]} Kf7 {[%emt 0:01:25]} 43. g4 {[%emt 0:00:00]} g6 {[%emt 0:00:00]} 44. fxg6+ {[%emt 0:00:00]} hxg6 {[%emt 0:00:00]} 45. Kh2 {[%emt 0:00:00]} Rc2 {[%emt 0:00:00]} 46. Kg3 {[%emt 0:00:00]} Rb2 {[%emt 0:00:00]} 47. Rc5 {[%emt 0:00:00]} Be4 {[%emt 0:00:00]} 48. Re5 {[%emt 0:00:00]} Bb7 {[%emt 0:00:00]} 49. Rc5 {[%emt 0:00:00]} Be4 {[%emt 0:00:00]} 50. Kh4 {[%emt 0:00:00]} Rb6 {[%emt 0:00:00]} 51. Kg5 {[%emt 0:00:00]} Rb7 {[%emt 0:00:00]} 52. g3 {[%emt 0:00:00]} Bb1 {[%emt 0:00:00]} 53. Kh6 {[%emt 0:00:00]} Be4 {[%emt 0:00:00]} 54. Ra5 {[%emt 0:00:00]} Bb1 {[%emt 0:00:00]} 55. Ra6 {[%emt 0:00:00]} Rb3 {[%emt 0:00:00]} 56. Ra7+ {[%emt 0:00:00]} Kf6 {[%emt 0:00:00]} 57. Nxg6 {[%emt 0:00:00]} Rxg3 {[%emt 0:00:00]} 58. g5+ {[%emt 0:00:00]} Kf5 {[%emt 0:00:00]} 59. Ra5+ {[%emt 0:00:00]} Ke6 {[%emt 0:00:00]} 60. Re5+ {[%emt 0:00:00]} Kf7 {[%emt 0:00:45]} 61. Re7+ {[%emt 0:00:00]} Kg8 {[%emt 0:00:35]} 62. Rg7# 1-0

[Event "WTCC-50 2018"]
[Site "Radebeul"]
[Date "2018.07.07"]
[Round "1"]
[White "Teo, Kok Siong"]
[Black "Dellos, Peter"]
[Result "1-0"]
[WhiteElo "2213"]
[BlackElo "1860"]
[Annotator "NA"]
[PlyCount "33"]
[EventDate "2018.07.07"]
[EventType "team-tourn"]
[EventCountry "GER"]
[SourceTitle "playchess.com"]
[Source "ChessBase"]
[SourceQuality "1"]
[TimeControl "40/5400+30:1800+30"]

1. d4 {[%emt 0:00:00]} d5 {[%emt 0:00:02]} 2. c4 {[%emt 0:00:00]} c6 {[%emt 0:00:25]} 3. Nf3 {[%emt 0:00:38]} Nf6 {[%emt 0:03:47]} 4. e3 {[%emt 0:00:33]} e6 {[%emt 0:01:13]} 5. Nc3 {[%emt 0:00:08]} Be7 {[%emt 0:01:06]} 6. b3 {[%emt 0:01:19]} O-O {[%emt 0:01:18]} 7. Bd3 {[%emt 0:00:15]} Nbd7 {[%emt 0:09:37]} 8. O-O {[%emt 0:00:39]} c5 {[%emt 0:06:38]} 9. Bb2 {[%emt 0:01:17]} cxd4 {[%emt 0:01:29]} 10. exd4 {[%emt 0:00:17]} b6 {[%emt 0:01:17]} 11. cxd5 {[%emt 0:06:37]} exd5 {[%emt 0:07:18]} 12. Ne5 {[%emt 0:07:12]} Bb7 {[%emt 0:08:46]} 13. Rc1 {[%emt 0:07:51]} Rc8 {[%emt 0:11:20]} 14. Qf3 {[%emt 0:01:32]} a6 {[%emt 0:10:24]} 15. Nxd7 {[%emt 0:22:28]} Nxd7 {[%emt 0:08:09]} 16. Nxd5 {[%emt 0:01:41]} Nf6 {[%emt 0:04:08]} 17. Nxf6+ 1-0

[Event "WTCC-50 2018"]
[Site "Radebeul"]
[Date "2018.07.07"]
[Round "1"]
[White "Koehler, Gerhard"]
[Black "De Cat, Ben"]
[Result "1-0"]
[WhiteElo "2181"]
[BlackElo "1906"]
[Annotator "NA"]
[PlyCount "91"]
[EventDate "2018.07.07"]
[EventType "team-tourn"]
[EventCountry "GER"]
[SourceTitle "playchess.com"]
[Source "ChessBase"]
[SourceQuality "1"]
[TimeControl "40/5400+30:1800+30"]

1. c4 {[%emt 0:00:00]} d6 {[%emt 0:00:00]} 2. Nc3 {[%emt 0:00:00]} e5 {[%emt 0:00:10]} 3. g3 {[%emt 0:00:00]} Nf6 {[%emt 0:00:49]} 4. Bg2 {[%emt 0:00:00]} Be7 {[%emt 0:00:09]} 5. Nf3 {[%emt 0:02:01]} c6 {[%emt 0:00:27]} 6. O-O {[%emt 0:01:45]} Bg4 {[%emt 0:01:40]} 7. h3 {[%emt 0:03:29]} Bxf3 {[%emt 0:00:34]} 8. Bxf3 {[%emt 0:00:19]} a5 {[%emt 0:02:04]} 9. d4 {[%emt 0:04:57]} O-O {[%emt 0:00:36]} 10. Be3 {[%emt 0:02:28]} Nbd7 {[%emt 0:02:41]} 11. Bg2 {[%emt 0:00:52]} Qc7 {[%emt 0:04:47]} 12. Qd2 {[%emt 0:02:49]} Rad8 {[%emt 0:03:27]} 13. Rfd1 {[%emt 0:04:41]} Rfe8 {[%emt 0:04:20]} 14. Rac1 {[%emt 0:11:52]} Nf8 {[%emt 0:04:45]} 15. d5 {[%emt 0:01:01]} Ng6 {[%emt 0:03:53]} 16. Qc2 {[%emt 0:07:29]} Rc8 {[%emt 0:04:04]} 17. Qb3 {[%emt 0:10:17]} c5 {[%emt 0:02:40]} 18. Nb5 {[%emt 0:01:25]} Qb8 {[%emt 0:01:18]} 19. Qc3 {[%emt 0:00:42]} b6 {[%emt 0:00:27]} 20. Qc2 {[%emt 0:03:14]} Rcd8 {[%emt 0:02:00]} 21. Rf1 {[%emt 0:03:16]} Rf8 {[%emt 0:02:40]} 22. Bd2 {[%emt 0:01:07]} Ne8 {[%emt 0:02:00]} 23. Be4 {[%emt 0:02:16]} Nf6 {[%emt 0:01:29]} 24. Bf5 {[%emt 0:02:09]} Nh8 {[%emt 0:03:29]} 25. h4 {[%emt 0:00:45]} g6 {[%emt 0:00:32]} 26. Bh3 {[%emt 0:00:06]} Ne8 {[%emt 0:01:37]} 27. e4 {[%emt 0:01:55]} Ng7 {[%emt 0:04:05]} 28. Bh6 {[%emt 0:04:39]} f6 {[%emt 0:03:02]} 29. Kg2 {[%emt 0:04:16]} Nf7 {[%emt 0:01:10]} 30. Be3 {[%emt 0:01:20]} h6 {[%emt 0:04:01]} 31. Qd2 {[%emt 0:04:44]} Kh7 {[%emt 0:04:06]} 32. Be6 {[%emt 0:01:30]} g5 {[%emt 0:00:31]} 33. Rh1 {[%emt 0:02:00]} Kg6 {[%emt 0:06:28]} 34. f4 {[%emt 0:04:34]} gxf4 {[%emt 0:07:55]} 35. gxf4 {[%emt 0:03:10]} exf4 {[%emt 0:04:01]} 36. Bxf7+ {[%emt 0:01:20]} Kxf7 {[%emt 0:02:12]} 37. Bxf4 {[%emt 0:00:25]} Nh5 {[%emt 0:00:45]} 38. Kh2 {[%emt 0:04:29]} f5 {[%emt 0:05:14]} 39. Rcf1 {[%emt 0:02:17]} Bf6 {[%emt 0:03:25]} 40. Bxh6 {[%emt 0:01:41]} Rh8 {[%emt 0:01:14]} 41. Rxf5 {[%emt 0:30:38]} Rdg8 {[%emt 0:31:04]} 42. Rhf1 {[%emt 0:00:00]} Ke7 {[%emt 0:00:00]} 43. Rxh5 {[%emt 0:00:00]} Qe8 {[%emt 0:00:00]} 44. Qf4 {[%emt 0:00:00]} Rxh6 {[%emt 0:00:00]} 45. Qxd6+ {[%emt 0:00:00]} Kf7 {[%emt 0:00:00]} 46. Rxh6 {[%emt 0:00:00]} 1-0

[Event "WTCC-50 2018"]
[Site "Radebeul"]
[Date "2018.07.07"]
[Round "1"]
[White "Chan, Peng Kong"]
[Black "Spiess, Thomas"]
[Result "1-0"]
[WhiteElo "2158"]
[BlackElo "1986"]
[Annotator "TA"]
[PlyCount "149"]
[EventDate "2018.07.07"]
[EventType "team-tourn"]
[EventCountry "GER"]
[SourceTitle "playchess.com"]
[Source "ChessBase"]
[SourceQuality "1"]

{[%evp 11,149,0,0,0,0,0,0,-9,-11,-34,-25,-32,-11,-21,0,-4,8,-58,0,0,0,-3,-8,-17,-13,-19,-16,-12,-12,-16,-18,-33,-24,-45,-36,-48,-41,-52,-50,-37,-41,-84,-87,-90,-65,-107,-91,-114,-101,-101,-109,-140,-129,-135,-140,-146,-71,-94,-109,-109,-95,-147,-144,-170,-141,-141,-141,-161,-159,-161,-156,-129,-151,-143,0,0,0,0,0,0,0,0,0,0,0,0,0,0,0,0,0,0,0,0,0,0,0,0,0,0,0,0,0,0,0,0,0,0,0,0,0,0,0,0,0,0,12846,12847,12847,12847,12850,12851,12851,12851,12851,12851,12851,12851,12851,12851,12851,12851,12851,12851,12851,12851,12851,12851,29988,29989]} 1. c4 c6 2. Nf3 d5 3. g3 dxc4 4. Bg2 Nd7 5. Qc2 Nb6 6. O-O {A11: English Opening: 1...c6} Nf6 {LiveBook: 287 Games} 7. b3 (7. Na3 Be6 8. Ng5 Qd7 9. b3 cxb3 10. axb3 g6 11. Nc4 Nxc4 12. bxc4 Bg7 13. Rb1 O-O 14. Nxe6 Qxe6 15. d4 {1-0 (36) Shimanov,A (2641)-Akobian,V (2647) chess.com INT 2018}) 7... cxb3 8. axb3 {The position is equal.} Bg4 $146 ({Predecessor:} 8... g6 9. Bb2 Bg7 10. Na3 O-O 11. Nc4 Be6 12. Na5 Qc8 13. e4 Ne8 14. Bxg7 Nxg7 {0-1 (41) Mogranzini,R (2501)-Sulava,N (2442) Antalya 2017}) 9. Bb2 e6 10. d4 Bf5 11. Qc1 Be7 12. Nbd2 Ne4 13. Nc4 O-O 14. Ne3 (14. Nfe5 $11 Nf6 15. f3) 14... Bg6 (14... Nd5 $15) 15. Ne5 $11 Nd6 16. Nxg6 hxg6 17. Nc4 Nb5 18. Rd1 Bf6 19. e3 Qe7 20. Qd2 Rfd8 21. Qa5 Qc7 22. Na3 Nxa3 23. Bxa3 Nd5 24. Qe1 Be7 25. e4 Nf6 26. Qc3 Bxa3 27. Rxa3 Qb6 28. Raa1 Rd7 29. Rd2 Rad8 {[%cal Rd7d4]} 30. Rad1 a5 31. h3 Qb4 32. Qxb4 axb4 33. Kf1 Ra8 (33... Ne8 $142 34. Bf3 Nc7) 34. Ke2 Ra3 35. Rd3 Kf8 36. f4 (36. R1d2 $142) 36... Ke7 $17 37. Ke3 b6 38. Rc1 {[#]} c5 $1 {[%mdl 512]} 39. Rc4 (39. dxc5 Rxd3+) 39... Ne8 40. e5 Nc7 41. Bc6 Nd5+ 42. Ke4 Nc3+ ({Better is} 42... f5+ $17 43. exf6+ Nxf6+ 44. Kf3 Rxd4 45. Rcxd4 cxd4) 43. Rdxc3 $1 $11 bxc3 44. Bxd7 Kxd7 45. dxc5 bxc5 46. Rxc3 {[%mdl 4096] Endgame KR-KR} Kc6 47. h4 Kb5 48. g4 Ra1 49. Kf3 Rh1 50. Kg3 Ra1 51. Kf3 Ra3 {With the idea ...Kb4.} 52. Ke4 Ra1 53. Kf3 Rd1 54. Kg3 Rd4 55. h5 gxh5 56. gxh5 Kb4 57. Rf3 Rd1 58. f5 Rh1 59. fxe6 fxe6 60. Kg4 Rc1 61. Kg5 Rg1+ 62. Kf4 Rc1 63. Kg5 {Threatens to win with Kg6.} Rc3 $2 {[%mdl 8192] [#]} (63... c4 $11 64. bxc4 Rg1+ 65. Kf4 g5+ 66. hxg6 Rxg6) 64. Rxc3 $1 $18 Kxc3 65. Kg6 Kxb3 66. Kxg7 {KPP-KPP} c4 67. h6 c3 68. h7 c2 69. h8=Q c1=Q 70. Qb8+ Ka4 71. Qe8+ Ka3 72. Qxe6 Qg5+ 73. Kf8 Qd8+ 74. Kf7 Qg5 75. Qe7+ {Precision: White = 61%, Black = 66%.} 1-0